Szczegóły MARC21

Wielki słownik ortograficzny PWN z zasadami pisowni i interpunkcji /

003 -Nazwa inst., której nr kontr. jest w polu 001 [,]
    • @
    • Nazwa instytucji, której n kontrolny jest w polu 001
    • NUKAT
005 -DATA I CZAS OSTATNIEJ MODYFIKACJI [,]
    • @
    • pole kontrolne
    • 20241231092237.0
020 -Międzynarod. znormalizowany nr książki - ISBN [ , ]
    • a
    • Numer ISBN
    • 9788301145712 Find
040 -Instytucja sporządzająca opis [ , ]
    • a
    • Instytucja, która sporządziła opis (NP)
    • WR U/ds
    • c
    • Instytucja, która sporządziła rekord (NP)
    • WR U/ds
    • d
    • Instytucja, która zmodyfikowała rekord (P)
    • WR U/dl
    • d
    • Instytucja, która zmodyfikowała rekord (P)
    • SZCZ 010/JT
942 -Rodzaj dokumentu [ , ]
    • c
    • Rodzaj dokumentu
    • Książka
245 -Strefa tytułu i oznaczenia odpowiedzialności [0,0]
    • a
    • Tytuł
    • Wielki słownik ortograficzny PWN z zasadami pisowni i interpunkcji / Find
    • c
    • Pozostałe elementy strefy tytułu i oznaczenia odpowiedzialności (NP)
    • oprac. zasad pisowni i interpunkcji polskiej Edward Polański ; [red. nauk. Edward Polański ; oprac. haseł Tomasz Karpowicz et al.].
250 -Strefa wydania [ , ]
    • a
    • Oznaczenie wydania (NP)
    • Wyd. 2, dodr. 1.
260 -Strefa adresu wydawniczego [ , ]
    • a
    • Miejsce wydania (P)
    • Warszawa :
    • b
    • Nazwa wydawcy (P)
    • Wydawnictwo Naukowe PWN,
    • c
    • Data wydania (P)
    • 2008.
300 -Strefa opisu fizycznego [ , ]
    • a
    • Określenie formy książki i/lub objętość (NP)
    • 977, [3] s. ;
    • c
    • Format (NP)
    • 25 cm +
    • e
    • Oznaczenie dokumentu towarzyszącego (NP)
    • dysk optyczny (CD-ROM).
336 -Typ zawartości [ , ]
    • a
    • Termin opisujący typ zawartości
    • Tekst
    • b
    • Kod określający zawartość
    • txt
    • 2
    • Źródło (terminu i kodu)
    • rdacontent
337 -Typ mediów [ , ]
    • a
    • Tryb odtwarzania
    • Bez urządzenia pośredniczącego
    • b
    • Kod typu mediów
    • n
    • 2
    • Źródło (terminu i kodu)
    • rdamedia
338 -Typ/rodzaj nośnika [ , ]
    • a
    • Hasło opisujące typ nośnika
    • Wolumin
    • b
    • Kod typu nośnika
    • nc
    • 2
    • Źródło (terminu i kodu)
    • rdacarrier
500 -Uwaga ogólna [ , ]
    • a
    • Uwaga ogólna (NP)
    • Książka powstała na podstawie "Nowego słownika ortograficznego PWN" (1996).
500 -Uwaga ogólna [ , ]
    • a
    • Uwaga ogólna (NP)
    • Do słownika dołączany jest dysk optyczny pt.: Słownik ortograficzny PWN. ISBN 978-8301-14248-3.
504 -Uwaga dot. bibliogr. załącznikowej [ , ]
    • a
    • Uwaga dot. bibliografii załącznikowej
    • Bibliogr. s. 152-153.
080 -Uniwersalna Klasyfikacja Dziesiętna [ , ]
    • 2
    • Identyfikator wydania tablic
    • UDC-P058
    • 9
    • UKD
    • 6489
    • a
    • Symbol klasyfikacji
    • 811.162.1'35'374
    • b
    • Dopowiedzenie
    • Język polski. - Słowniki ortograficzne.
650 -Hasło przedmiotowe [ ,7]
    • a
    • Hasło przedmiotowe
    • Język polski
    • x
    • Określnik rzeczowy
    • ortografia
    • v
    • Określnik formalny
    • słowniki.
    • 2
    • Źródło terminu
    • kaba
    • 9
    • KHW
    • 353257
650 -Hasło przedmiotowe [ ,7]
    • a
    • Hasło przedmiotowe
    • Język polski
    • x
    • Określnik rzeczowy
    • interpunkcja.
    • 2
    • Źródło terminu
    • kaba
    • 9
    • KHW
    • 113355
650 -Hasło przedmiotowe [ ,7]
    • a
    • Hasło przedmiotowe
    • Język polski
    • x
    • Określnik rzeczowy
    • ortografia.
    • 2
    • Źródło terminu
    • kaba
    • 9
    • KHW
    • 113372
980 -Symbol UKD [ , ]
    • a
    • UKD
    • 811.162.1'35'374
700 -Hasło dodatkowe - nazwa osobowa [1, ]
    • a
    • Nazwa osobowa (NP)
    • Polański, Edward Find
    • d
    • Daty biograficzne (NP)
    • (1932-2024).
    • e
    • Określenie rodzaju współpracy
    • Oprac.
    • 9
    • KHW
    • 19841
700 -Hasło dodatkowe - nazwa osobowa [1, ]
    • a
    • Nazwa osobowa (NP)
    • Karpowicz, Tomasz. Find
    • e
    • Określenie rodzaju współpracy
    • Oprac.
    • 9
    • KHW
    • 77579
710 -Hasło dodatkowe - nazwa ciała zbiorowego [2, ]
    • a
    • Nazwa ciała zbiorowego lub nazwa geograficzna jako pierwszy element (NP)
    • Wydawnictwo Naukowe PWN.
    • 4
    • Kod relacji
    • pbl
    • 9
    • KHW
    • 52648
920 -ISBN [ , ]
    • a
    • ISBN
    • 978-83-01-14571-2 Find
Status udost. Numer inwentarzowy Sygnatura Data inwentaryzacji Lokalizacja
1T.18559T.185592014-12-05T